| 000 | 00451nam a2200193Ia 4500 | ||
|---|---|---|---|
| 008 | 170918s9999 xx 000 0 und d | ||
| 020 | _a9780439806923 | ||
| 050 | _bK692 2014 | ||
| 100 | _aKnife | ||
| 245 | _aCaptain Fact dinosaur adventure / | ||
| 245 | _cby Knife & Packer. | ||
| 260 | _aNew York : | ||
| 260 | _bScholastic, | ||
| 260 | _c2004 | ||
| 300 | _a102 pages : | ||
| 300 | _billustrations : | ||
| 300 | _c20cm. | ||
| 500 | _a750 | ||
| 999 |
_c344160 _d344160 |
||